|
|
|
|
| LEADER |
00972ncm a22002772a 4500 |
| 001 |
001227495 |
| 003 |
CZ BrMZK |
| 005 |
20120628155942.0 |
| 007 |
qu |
| 008 |
120628s1958 xr |||||||||||||||||cze d |
| 040 |
|
|
|a BOA001
|b cze
|
| 072 |
|
7 |
|a 784
|x Vokální hudba
|2 Konspekt
|9 9
|
| 100 |
1 |
|
|a Podéšť, Ludvík,
|d 1921-1968
|7 jk01100180
|4 cmp
|
| 245 |
1 |
0 |
|a Jdi spát
|h [hudebnina] /
|b píseň z filmu "V proudech"/
|c Ludvík Podéšť ; slova: V. Pantůček ; klavírní úprava L. Korbař
|
| 250 |
|
|
|a 1. vyd.
|
| 260 |
|
|
|a Praha :
|b Panton,
|c 1958
|
| 300 |
|
|
|a 1 sv. (nestránkován)
|
| 490 |
1 |
|
|a Hudba pro dva ;
|v 7
|
| 500 |
|
|
|a Zpěv a klavír
|
| 700 |
1 |
|
|a Pantůček, Vlastimil,
|d 1923-1995
|7 jk01091673
|4 lyr
|
| 700 |
1 |
|
|a Korbař, Leopold,
|d 1917-1990
|7 jz8600474
|4 arr
|
| 830 |
|
0 |
|a Hudba pro dva
|
| 910 |
|
|
|a BOA001
|b Mus4-0407.744
|
| 990 |
|
|
|a MU
|
| 991 |
|
|
|b 201206
|
| 996 |
6 |
|
|b 2619632295
|c Mus4-0407.744
|l MZK
|r Sklad / do 1 hodiny
|n 0
|w 001261286
|u 000010
|a 1
|e BOA001
|j MZK50
|s P
|